000 00394nam a2200145 i 4500
001 bg
100 1 _aHejmo, Władysław
_d(1929- ).
245 0 _aSystemy mikroprocesorowe w automatyce napędu elektrycznego /
_cW. Hejmo, R. Kozioł.
260 _aWarszawa,
_c1989.
700 1 _aKozioł, Ryszard.
040 _cBPK
041 _apol
942 _cKS
008 s pl f |000 0 pol
999 _c3923
_d3923
856 _uhttp://koha.tu.koszalin.pl/cgi-bin/koha/opac-detail.pl?biblionumber=3923
_yKatalog online BPK